Normal view MARC view
  • Padín Videla, Jorge

Entry Nombre Personal

Number of records used in: 1

001 - NUMERO DE CONTROL

  • campo de control: 44291

003 - IDENTIFICADOR DE NUMERO DE CONTROL

  • campo de control: DLC

005 - FECHA Y HORA DE LA ÜLTIMA TRANSACCIÓN

  • campo de control: 20220510083546.0

008 - DATOS DE LONGITUD FIJA

  • campo de control de longitud fija: 220510n| azannaabn |a aaa c

010 ## - NÚMERO DE CONTROL DE LA BIBLIOTECA DEL CONGRESO

  • Número de control LC: no2011184412

035 ## - NUMERO DE CONTROL

  • Número de control: (OCoLC)oca09049142

040 ## - FUENTE DE CATALOGACIÓN

  • Agencia original de catalogación: MXMxUNAM
  • Lenguaje de catalogación: spa
  • Description conventions: rda
  • Agencia de transcripción: MX-MxUI
  • Agencia que lo modifica: NyNyDIG
  • Agencia que lo modifica: MX-MxUPN

100 1# - ENCABEZAMIENTO - NOMBRE PERSONAL

  • Nombre personal: Padín Videla, Jorge

372 ## - CAMPO DE ACTIVIDAD

  • Field of activity: Traducción e interpretación
  • Fuente del término: lcsh

374 ## - OCUPACIÓN

  • Occupation: Traductor
  • Fuente del término: lcsh

375 ## - GÉNERO

  • Gender: masculino
  • Fuente del término: lcdgt

377 ## - LENGUA ASOCIADA

  • Language code: spa
  • Language code: fre

400 1# - VEÁSE - NOMBRE DE PERSONA

  • Personal name: Videla, Jorge Padín

400 1# - VEÁSE - NOMBRE DE PERSONA

  • Personal name: Padín Videla, Jorge Alberto Luis

400 1# - VEÁSE - NOMBRE DE PERSONA

  • Personal name: Videla, Jorge Alberto Luis Padín

670 ## - FUENTE EN LA QUE SE LOCALIZARON DATOS

  • Cita de la fuente: Alejandro de Humboldt, historiador y geógrafo de la América Española, 1799-1804, 2003:
  • Información localizada: portada (traducido del francés por Jorge Padín Videla)

670 ## - FUENTE EN LA QUE SE LOCALIZARON DATOS

  • Cita de la fuente: San Antonio Nogalar, 2000:
  • Información localizada: portada (traducción de Jorge Alberto Luis Padín Videla)

902 ## - CATALOGADOR

  • Catalogador: NDAF/220510